_Tales From Africa (Record no. 14497)
[ view plain ]
| 000 -LEADER | |
|---|---|
| fixed length control field | 00335nam a2200133Ia 4500 |
| 008 - FIXED-LENGTH DATA ELEMENTS--GENERAL INFORMATION | |
| fixed length control field | 151021s9999 xx 000 0 und d |
| 020 ## - INTERNATIONAL STANDARD BOOK NUMBER | |
| International Standard Book Number | 9966724966 |
| 050 ## - LIBRARY OF CONGRESS CALL NUMBER | |
| Classification number | pz 7 .W25C |
| 245 ## - TITLE STATEMENT | |
| Title | _Tales From Africa |
| 260 ## - PUBLICATION, DISTRIBUTION, ETC. (IMPRINT) | |
| Place of publication, distribution, etc. | Nairobi Acrodile 2004 |
| 300 ## - PHYSICAL DESCRIPTION | |
| Extent | v,169p. |
| 650 ## - SUBJECT ADDED ENTRY--TOPICAL TERM | |
| Topical term or geographic name as entry element | _Story-susan |
| 980 ## - EQUIVALENCE OR CROSS-REFERENCE-SERIES STATEMENT--PERSONAL NAME/TITLE [LOCAL, CANADA] | |
| Personal name | ^d20131016 10:39:15^oanne |
No items available.